| 000 | 01099cam a22002411i 4500 | ||
|---|---|---|---|
| 003 | SA_RiAUC | ||
| 005 | 20241202131638.0 | ||
| 008 | 241024s2007____le g 000 0 ara c | ||
| 040 |
_aSA-RiKAPL _bara _cSA-RiAUC _erda |
||
| 082 | 0 | 4 |
_a258.4 _qSA-RiAUC |
| 090 |
_a258.4 _b ا ب ن ب |
||
| 100 | 1 |
_aابن بلبان، محمد بن بدر الدين بن عبد الحق، _d1006-1083 هجري _eمؤلف. |
|
| 245 | 1 | 0 |
_aأخصر المختصرات في الفقه على مذهب الإمام أحمد بن حنبل / _cمحمد بن بدر الدين بن بلبان الدمشقي الحنبلي ؛ تحقيق محمد بن ناصر العجمي. |
| 264 | 1 |
_aبيروت : _bشركة دار البشائر الإسلامية، _c2007 |
|
| 300 |
_a224 صفحة ؛ _c21 سم |
||
| 336 |
_aنص _btxt _2rdacontent _3كتاب |
||
| 337 |
_aبدون وسيط _bn _2rdamedia |
||
| 338 |
_aمجلد _bnc _2rdacarrier |
||
| 650 | 7 |
_aالفقه الحنبلي _2aucsh |
|
| 700 | 1 |
_aالعجمي، محمد بن ناصر _eمحقق. |
|
| 942 |
_2ddc _cBOOK _n0 |
||
| 949 |
_aSA-JeALM _d241024 _umohamedma123 _n1 |
||
| 999 |
_c2923 _d2923 |
||